00786nam a2200253 a 4500001001300000003000900013005001700022008004100039020002300080082001500103100002500118245005700143260003300200300000900233500003500242505001700277650003400294650003300328700002500361902000800386942000700394952011600401999001500517nice12345678IN_TiNIC20260116013150.0050524s1985 newa grp 000 0 eng  a0883447 c75200a282.8bCLE aCleary, O P Edward L aCrisis and Changeb the Church Inlatin America Today aNew YorkbOrbis Books c1985 a202p aincludes index and biblioraphy2 aNotes, Index aCatholic Church-Latin America aLatin America-Church History1 aCleary, O P Edward L bSRS cBK 001040708StackRoom-aHMIbHMId2007-07-19g752.00l0o282.8 CLEp017148r2007-07-19v752.00w2005-05-24yBK c9941d9941